| 000 | 00803nam a2200229 i 4500 | ||
|---|---|---|---|
| 001 | 46802 | ||
| 003 | ES-MaACL | ||
| 005 | 20251009181317.0 | ||
| 007 | t| | ||
| 008 | 030401s1969 sp |||| | spa d | ||
| 100 | 1 |
_aConnolly, Eileen. _940205 |
|
| 245 | 1 | 0 |
_aLeopoldo Panero _b: la poesía de la esperanza / _cEileen Connolly ; con un prólogo de José Antonio Maravall ; [versión española, José Vidal]. |
| 260 |
_aMadrid : _bGredos, _c[1969] |
||
| 300 |
_a236 p. ; _c19 cm. |
||
| 490 | 1 | _aBiblioteca románica hispánica | |
| 600 | 1 | 4 |
_aPanero, Leopoldo, _d1909-1962 _988766 |
| 700 | 1 |
_aMaravall, José Antonio, _d1911-1986 _976329 |
|
| 700 | 1 |
_aVidal, José. _9114438 |
|
| 830 | 0 |
_aBiblioteca románica hispánica _9180746 |
|
| 852 |
_aES-MaACL _jC-39921 |
||
| 999 |
_c46802 _d46802 |
||